| 000 | 00000nam 2200000zi 4500 |
| 001 | 9.954687 |
| 003 | CaOODSP |
| 005 | 20250902120633 |
| 006 | m o d f |
| 007 | cr cn||||||||| |
| 008 | 250902e20241021onc ob f000 0 eng d |
| 040 | |aCaOODSP|beng|erda|cCaOODSP |
| 043 | |an-cn--- |
| 086 | 1 |aRv55-8/8-1-1-2024E-PDF |
| 245 | 00|aAdministration of Temporary Importation (Tariff Item No. 9993.00.00) Regulations. |
| 250 | |a[October 21, 2024 edition]. |
| 264 | 1|aOttawa : |bCanada Border Services Agency = Agence des services frontaliers du Canada, |cOctober 21, 2024. |
| 300 | |a1 online resource (48 unnumbered pages). |
| 336 | |atext|btxt|2rdacontent |
| 337 | |acomputer|bc|2rdamedia |
| 338 | |aonline resource|bcr|2rdacarrier |
| 490 | 1 |aMemorandum ; |vD8-1-1 |
| 500 | |aCaption title. |
| 500 | |aIssued also in French under title: Application du Règlement sur l'importation temporaire de marchandises (numéro tarifaire 9993.00.00). |
| 500 | |a"Superseded Memorandum D, D8-1-1." |
| 504 | |aIncludes bibliographical references. |
| 520 | |a"This memorandum outlines the conditions under which goods may qualify for duty-free entry under tariff item No. 9993.00.00 of the Schedule to the Customs Tariff. It also identifies those circumstances where temporarily imported goods are entitled to full or partial relief of the goods and services tax/harmonized sales tax (GST/HST)"--Page [1]. |
| 650 | 0|aDuty-free importation|xLaw and legislation|zCanada. |
| 650 | 0|aTax exemption|xLaw and legislation|zCanada. |
| 710 | 2 |aCanada Border Services Agency, |eissuing body. |
| 775 | 08|tApplication du Règlement sur l'importation temporaire de marchandises (numéro tarifaire 9993.00.00).|w(CaOODSP)9.954688 |
| 795 | |tAdministration of Temporary Importation (Tariff Item No. 9993.00.00) Regulations.|b[June 1, 2020 edition]|w(CaOODSP)9.889146 |
| 830 | #0|aMemorandum (Canada Border Services Agency)|vD8-1-1.|w(CaOODSP)9.816825 |
| 856 | 40|qPDF|s764 KB|uhttps://publications.gc.ca/collections/collection_2025/asfc-cbsa/Rv55-8-8-1-1-2024-eng.pdf |